Southville International School and Colleges
Your cart is empty.
  • Cart
  • Lists
    Public lists list_1 View all
    Your lists Log in to create your own lists
  • Log in to your account
  • Your cookies
  • Search history
Southville International School and Colleges
  • Advanced search
  • Recent comments
  • Most popular
  • Libraries

Log in to your account

Log in with GOOGLE


If you do not have an external account, but do have a local account, you can still log in:

  1. Home
  2. MARC view: Expanding student assessment /
Normal view MARC view ISBD view

Expanding student assessment / (Record no. 12556)

[ view plain ]
MARC details
000 -LEADER
fixed length control field 01049pam a2200301 a 4500
001 - CONTROL NUMBER
control field 3905448
003 - CONTROL NUMBER IDENTIFIER
control field OSt
005 - DATE AND TIME OF LATEST TRANSACTION
control field 20160610132007.0
008 - FIXED-LENGTH DATA ELEMENTS--GENERAL INFORMATION
fixed length control field 910416s1991 vaua b 000 0 eng
010 ## - LIBRARY OF CONGRESS CONTROL NUMBER
LC control number 91018470
020 ## - INTERNATIONAL STANDARD BOOK NUMBER
International Standard Book Number 0871201828 :
Terms of availability $14.95
040 ## - CATALOGING SOURCE
Original cataloging agency DLC
Transcribing agency DLC
Modifying agency DLC
043 ## - GEOGRAPHIC AREA CODE
Geographic area code n-us---
050 00 - LIBRARY OF CONGRESS CALL NUMBER
Classification number LB 3051
Item number .Ex97 1991
082 00 - DEWEY DECIMAL CLASSIFICATION NUMBER
Classification number GLT 371.260973
Item number .Ex7 1991
245 00 - TITLE STATEMENT
Title Expanding student assessment /
Statement of responsibility, etc edited by Vito Perrone.
260 ## - PUBLICATION, DISTRIBUTION, ETC. (IMPRINT)
Place of publication, distribution, etc Alexandria, Va. :
Name of publisher, distributor, etc Association for Supervision and Curriculum Development,
Date of publication, distribution, etc c1991.
300 ## - PHYSICAL DESCRIPTION
Extent xi, 167 p. :
Other physical details ill. ;
Dimensions 23 cm.
504 ## - BIBLIOGRAPHY, ETC. NOTE
Bibliography, etc Includes bibliographical references.
526 ## - STUDY PROGRAM INFORMATION NOTE
Reading level 1210L to 1700L
562 ## - COPY AND VERSION IDENTIFICATION NOTE
Number of copies For circulation. 1 copy in the collection.
650 #0 - SUBJECT ADDED ENTRY--TOPICAL TERM
Topical term or geographic name as entry element Educational tests and measurements
Geographic subdivision United States.
9 (RLIN) 22508
700 1# - ADDED ENTRY--PERSONAL NAME
Personal name Perrone, Vito.
9 (RLIN) 639
906 ## - LOCAL DATA ELEMENT F, LDF (RLIN)
a 7
b cbc
c orignew
d 1
e ocip
f 19
g y-gencatlg
942 ## - ADDED ENTRY ELEMENTS (KOHA)
Source of classification or shelving scheme Library of Congress Classification
Koha item type Books
Holdings
Withdrawn status Lost status Source of classification or shelving scheme Damaged status Home library Current library Shelving location Date acquired Source of acquisition Total Checkouts Total Renewals Full call number Barcode Date last seen Date checked out Copy number Price effective from Koha item type
    Library of Congress Classification   Luxembourg Library Luxembourg Library Genevive Ledesma - Tan Section 10/01/2013 Donation 1 4 LB 3051 .Ex97 1991 7308 08/23/2017 07/13/2017 1 10/01/2013 Books

Expanding student assessment /

APA

Perrone V., . (1991). Expanding student assessment. Alexandria, Va: Association for Supervision and Curriculum Development.

Chicago

Perrone Vito, . 1991. Expanding student assessment. Alexandria, Va: Association for Supervision and Curriculum Development.

Harvard

Perrone V., . (1991). Expanding student assessment. Alexandria, Va: Association for Supervision and Curriculum Development.

MLA

Perrone Vito, . Expanding student assessment. Alexandria, Va: Association for Supervision and Curriculum Development. 1991.

  • Place hold
  • Print
  • Cite
  • Add to your cart (remove)
  • Save record
    BIBTEX Dublin Core MARCXML MARC (non-Unicode/MARC-8) MARC (Unicode/UTF-8) MARC (Unicode/UTF-8, Standard) MODS (XML) RIS
  • More searches
    Search for this title in:
    Other Libraries (WorldCat) Other Databases (Google Scholar) Online Stores (Bookfinder.com) Open Library (openlibrary.org)

Exporting to Dublin Core...

SOUTHVILLE LIBRARY

Southville International School and Colleges Library

1281 Tropical Ave. Cor. Luxembourg St., BF Homes International, Las Pinas City

Tel. No. 8256374 / 252358 Loc. 117/146

Powered by Koha